000 00593cam a2200181 4500500
005 20260405003928.0
041 _afre
042 _adc
100 1 0 _aPastorini, Chiara
_eauthor
245 0 0 _a“Pourquoi les adultes nous demandent de dire merci ?”
260 _c2025.
500 _a34
690 _aChiara Pastorini
690 _aPhilosopher avec les enfants
690 _aPolitesse
786 0 _nPhilosophie magazine | 190 | 6 | 2025-06-01 | p. 60-60 | 1951-1787
856 4 1 _uhttps://shs.cairn.info/magazine-philosophie-magazine-2025-6-page-60?lang=fr&redirect-ssocas=7080
999 _c2072190
_d2072190